[Event "17th Dubai Chess Open"]
[Site "Dubai UAE"]
[Date "2015.04.08"]
[Round "3.18"]
[White "Iturrizaga Bonelli, Eduardo"]
[Black "Mosadeghpour, Masoud"]
[Result "1-0"]
[WhiteTitle "GM"]
[WhiteElo "2630"]
[BlackElo "2371"]
[WhiteFideId "3901211"]
[BlackFideId "12519278"]
[EventDate "2015.04.06"]

1. c4 Nf6 2. Nc3 d5 3. cxd5 Nxd5 4. g3 g6 5. Bg2 c6 6. d3 Nxc3 7. bxc3 Bg7 8.
Bd2 O-O 9. Qa4 Nd7 10. Nf3 Nb6 11. Qc2 Bf5 12. Nd4 Bg4 13. h3 Bd7 14. Nb3 Qc7
15. Nc5 Bf5 16. Rb1 Rab8 17. e4 Bc8 18. Be3 Nd7 19. Nxd7 Bxd7 20. d4 c5 21. d5
Qa5 22. O-O Bxc3 23. Rfc1 Bd4 24. Bxd4 cxd4 25. Qc7 Qa4 26. Bf1 Rbc8 27. Qxb7 a5
28. Rxc8 Bxc8 29. Qxe7 Qc2 30. Ra1 Qc3 31. Rd1 Qc2 32. Ra1 Qc3 33. Rb1 Qc2 34.
Rb3 a4 35. Rb8 d3 36. Bxd3 Qxd3 37. Qc5 Qa6 38. h4 Re8 39. h5 gxh5 40. d6 h6 41.
Qxh5 Qxd6 42. Rxc8 Rxc8 43. Qg4+ Kh7 44. Qxc8 Qd1+ 45. Kg2 Qe2 46. Qf5+ Kg8 47.
Qd5 a3 48. Qa8+ Kg7 49. Qxa3 Qxe4+ 50. Qf3 Qa4 51. Qc3+ Kg8 52. a3 Qe4+ 53. Kh2
h5 54. Qe3 Qa4 55. Qg5+ Kf8 56. Qc5+ Kg8 57. Qb4 Qa7 58. Kg1 Qd7 59. a4 Qd1+ 60.
Kg2 Qd5+ 61. Kh2 Qa2 62. Kg1 Qa1+ 63. Kg2 Qe5 64. a5 Qd5+ 65. Kh2 h4 66. gxh4
Qe5+ 67. Kg2 Qd5+ 68. f3 Qe5 69. Qd2 Qa1 70. Qg5+ Kh7 71. Qf5+ Kg7 72. Qb5 Qe1
73. a6 Qd2+ 74. Kh3 Qf2 75. Qe5+ Kh7 76. Qe4+ Kg8 77. Qd3 Qg1 78. Qd2 Kh7 79.
Qc2+ Kh6 80. Qg2 Qa1 81. Qd2+ Kg7 82. Qe2 Qh1+ 83. Kg3 Qg1+ 84. Qg2 Qa1 85. Kh2+
Kh6 86. Qd2+ Kg6 87. Qd6+ f6 88. Qd3+ Kg7 89. Qd7+ Kh6 90. a7 Qe5+ 91. Kh3 Qa5
92. Qd4 Qf5+ 93. Kg3 Qa5 94. Qxf6+ 1-0

[Event "17th Dubai Chess Open"]
[Site "Dubai UAE"]
[Date "2015.04.08"]
[Round "3.19"]
[White "Fier, Alexandr"]
[Black "Karavade, Eesha"]
[Result "1-0"]
[WhiteTitle "GM"]
[BlackTitle "IM"]
[WhiteElo "2601"]
[BlackElo "2405"]
[WhiteFideId "2107139"]
[BlackFideId "5012600"]
[EventDate "2015.04.06"]

1. d4 Nf6 2. c4 e6 3. Nc3 Bb4 4. e3 O-O 5. Ne2 d5 6. a3 Be7 7. cxd5 exd5 8. Nf4
c6 9. Bd3 Na6 10. O-O Nc7 11. f3 Re8 12. b4 a5 13. Rb1 axb4 14. axb4 b5 15. Bd2
Na6 16. Nce2 Bd6 17. Ng3 Qb6 18. Nfe2 Ra7 19. Qc2 Rae7 20. Rfc1 Nb8 21. Nf1 Bb7
22. Be1 Nbd7 23. Bh4 h6 24. Neg3 Bxg3 25. Bxg3 Qd8 26. Bh4 g6 27. Ra1 Kg7 28.
Ra7 Nb6 29. Bxf6+ 1-0

[Event "17th Dubai Chess Open"]
[Site "Dubai UAE"]
[Date "2015.04.08"]
[Round "3.21"]
[White "Pourramezanali, Amirreza"]
[Black "Prohaszka, Peter2"]
[Result "1/2-1/2"]
[WhiteTitle "IM"]
[BlackTitle "GM"]
[WhiteElo "2432"]
[BlackElo "2597"]
[WhiteFideId "12511412"]
[BlackFideId "726265"]
[EventDate "2015.04.06"]

1. e4 c6 2. d4 d5 3. Nc3 dxe4 4. Nxe4 Bf5 5. Ng3 Bg6 6. Nh3 e6 7. Nf4 Bd6 8. h4
Bxf4 9. Bxf4 h6 10. c3 Nf6 11. Bd3 Bxd3 12. Qxd3 O-O 13. Ne4 Nxe4 14. Qxe4 Qd5
15. Qxd5 cxd5 16. Bxb8 Raxb8 17. Kd2 h5 18. Rhe1 g6 19. a4 b6 20. b4 a6 21. a5
b5 22. Re5 Kg7 23. Rae1 Rbc8 24. R1e3 Rc6 25. f4 Rd6 26. Rg3 Kf6 27. Rge3 Rg8
28. Re2 Rg7 29. Kd3 Ke7 30. R5e3 Rg8 31. Kd2 Kf6 1/2-1/2

[Event "17th Dubai Chess Open"]
[Site "Dubai UAE"]
[Date "2015.04.08"]
[Round "3.22"]
[White "Banusz, Tamas"]
[Black "Bashirli, Nail"]
[Result "1-0"]
[WhiteTitle "GM"]
[BlackTitle "FM"]
[WhiteElo "2585"]
[BlackElo "2312"]
[WhiteFideId "722413"]
[BlackFideId "13406809"]
[EventDate "2015.04.06"]

1. Nf3 d5 2. g3 Nf6 3. Bg2 c6 4. O-O Bg4 5. c4 e6 6. Qb3 Qb6 7. d3 Nbd7 8. Qc2
Bd6 9. cxd5 cxd5 10. Nc3 Bxf3 11. Bxf3 Rc8 12. Qd1 O-O 13. d4 h6 14. e3 a6 15.
Bd2 Qa7 16. Qe2 b5 17. a4 b4 18. Na2 Qb7 19. Rfc1 b3 20. Nc3 Nb6 21. a5 Nbd7 22.
Qd3 Rc7 23. Na4 Rfc8 24. Rxc7 Rxc7 25. Be2 Ne4 26. Be1 Bb4 27. Qd1 Bxe1 28. Qxe1
Nd6 29. Rc1 Nc4 30. e4 Nxa5 31. Rxc7 Qxc7 32. exd5 exd5 33. Bxa6 Nf6 34. Nc5 Nc6
35. Qc3 Qa7 36. Bb5 Na5 37. Ba4 Nc4 38. f3 g5 39. Kf2 g4 40. Bxb3 gxf3 41. Bxc4
dxc4 42. Qxc4 Qa8 43. h3 Qa1 44. Qb3 Qc1 45. Qc3 Qd1 46. Qd3 Qc1 47. b3 h5 48.
Qe3 Qc2+ 49. Kxf3 Qd1+ 50. Kg2 Kf8 51. Qf2 Nd5 52. Nd7+ Kg7 53. Nc5 Kf8 54. h4
Kg7 55. Qf3 Qxd4 56. Ne4 Ne3+ 57. Kf2 Ng4+ 58. Ke2 Qb2+ 59. Nd2 Qe5+ 60. Kd3 Qe1
61. Nc4 Qb4 62. Kc2 Qc5 63. Qc3+ Kg8 64. b4 Qf2+ 65. Kb3 Nf6 66. Qe3 Qf1 67. b5
Qd1+ 68. Kb2 Nd5 69. Qe4 f5 70. Qe8+ Kg7 71. Qe5+ Kg8 72. b6 Nb4 73. Qe8+ 1-0

[Event "17th Dubai Chess Open"]
[Site "Dubai UAE"]
[Date "2015.04.08"]
[Round "3.24"]
[White "Shabalov, Alexander"]
[Black "Visakh, NR"]
[Result "1-0"]
[WhiteTitle "GM"]
[WhiteElo "2511"]
[BlackElo "2389"]
[WhiteFideId "2008572"]
[BlackFideId "25012223"]
[EventDate "2015.04.06"]

1. e4 e5 2. Nf3 Nc6 3. Bb5 a6 4. Ba4 d6 5. O-O Bd7 6. d4 b5 7. Bb3 Nxd4 8. Nxd4
exd4 9. c3 dxc3 10. Qh5 Qe7 11. Nxc3 Be6 12. Bg5 Qd7 13. Bxe6 Qxe6 14. Nd5 Rc8
15. Rfc1 c5 16. a4 b4 17. Qe2 Be7 18. Bf4 Nf6 19. Nxe7 Kxe7 20. Qxa6 Rhd8 21.
Re1 Nd7 22. Rad1 Ne5 23. Rd5 Ra8 24. Qb5 f6 25. Red1 Nf7 26. f3 Qd7 27. Rxc5
Rxa4 28. Qb6 Ra7 29. Qxb4 Rb7 30. Qa3 Ra7 31. Qc3 Qa4 32. Rcd5 Rb7 33. R1d2 Qb4
34. Qd3 Qb3 35. Qe2 Rc7 36. h4 Rc6 37. Kh2 Rdc8 38. Qf2 g6 39. Qg3 Rd8 40. e5
dxe5 41. Rxd8 Nxd8 42. Bxe5 Nf7 43. Bc3 Qb6 44. Qf4 Re6 45. Rd5 Qc6 46. Bb4+ Nd6
47. Rxd6 Rxd6 48. Kg3 Ke6 49. Qxd6+ Qxd6+ 50. Bxd6 Kxd6 51. Kf4 Kd5 52. Ke3 h6
53. Kd3 f5 54. g3 g5 55. hxg5 hxg5 56. g4 fxg4 57. fxg4 Ke5 58. Ke3 Kd5 59. b4 1-0

[Event "17th Dubai Chess Open"]
[Site "Dubai UAE"]
[Date "2015.04.08"]
[Round "3.25"]
[White "Soozankar, A.M."]
[Black "Kuzubov, Yuriy"]
[Result "0-1"]
[WhiteTitle "FM"]
[BlackTitle "GM"]
[WhiteElo "2240"]
[BlackElo "2667"]
[WhiteFideId "12503029"]
[BlackFideId "14112906"]
[EventDate "2015.04.06"]

1. e4 c5 2. Nf3 d6 3. d4 cxd4 4. Qxd4 Nf6 5. e5 Nc6 6. Bb5 Qa5+ 7. Nc3 Qxb5 8.
Nxb5 Nxd4 9. Nbxd4 dxe5 10. Nxe5 Nd5 11. c4 Nc7 12. f4 f6 13. Nef3 e6 14. Be3 b6
15. O-O-O Bb7 16. Rhe1 O-O-O 17. Bf2 Bd6 18. Bg3 Rhe8 19. Re2 Bc5 20. Nb3 Rxd1+
21. Kxd1 Bd6 22. Nbd4 Kd7 23. Rd2 Ke7 24. Re2 Kf7 25. Rd2 Bb4 26. Rd3 Rc8 27.
Nb5 Nxb5 28. Rd7+ Be7 29. cxb5 Rd8 30. Rxd8 Bxd8 31. Ne1 Kg6 32. Ke2 Kf5 33. Ke3
Be7 34. Nf3 Bxf3 35. Kxf3 Bd6 36. Be1 h5 37. g3 e5 38. fxe5 Bxe5 39. b3 g5 40.
Bf2 g4+ 41. Ke2 Ke4 42. a4 Bd4 43. Be1 f5 44. Bd2 Be5 45. Be3 f4 46. gxf4 Bxf4
47. Bg1 Be5 0-1

[Event "17th Dubai Chess Open"]
[Site "Dubai UAE"]
[Date "2015.04.08"]
[Round "3.26"]
[White "Abou El Zein, Eid Mahmoud"]
[Black "Safarli, Eltaj"]
[Result "0-1"]
[WhiteTitle "IM"]
[BlackTitle "GM"]
[WhiteElo "2191"]
[BlackElo "2641"]
[WhiteFideId "10600078"]
[BlackFideId "13402129"]
[EventDate "2015.04.06"]

1. d4 Nf6 2. c4 g6 3. Nc3 d5 4. Bg5 Ne4 5. Nxe4 dxe4 6. Qd2 Bg7 7. e3 c5 8. d5
Qb6 9. O-O-O Nd7 10. Ne2 Ne5 11. Nc3 Bg4 12. Re1 Bf5 13. Be2 Qa6 14. Kb1 h6 15.
Bh4 g5 16. Bg3 Rd8 17. Rd1 O-O 18. Qc2 e6 19. Ka1 Nd3 20. Bxd3 exd3 21. Qb3 exd5
22. cxd5 c4 23. Qb4 Rfe8 24. d6 Qc6 25. f3 Rxe3 26. Qa5 Qd7 27. Nd5 b6 28. Ne7+
Rxe7 29. dxe7 bxa5 0-1

[Event "17th Dubai Chess Open"]
[Site "Dubai UAE"]
[Date "2015.04.08"]
[Round "3.27"]
[White "Saeed, Ishaq"]
[Black "Perunovic, Milos"]
[Result "1-0"]
[WhiteTitle "FM"]
[BlackTitle "GM"]
[WhiteElo "2200"]
[BlackElo "2632"]
[WhiteFideId "9301453"]
[BlackFideId "921629"]
[EventDate "2015.04.06"]

1. d4 Nf6 2. c4 e6 3. Nf3 d5 4. e3 a6 5. c5 b6 6. cxb6 c5 7. Nc3 Nbd7 8. Na4
cxd4 9. Qb3 Rb8 10. Nxd4 Bb7 11. Bd2 Ne4 12. Bb4 Nec5 13. Nxc5 Nxc5 14. Bxc5
Bxc5 15. Bxa6 Bxa6 16. Qa4+ Qd7 17. Qxa6 e5 18. Qa7 Bd6 19. Qxd7+ Kxd7 20. Nb5
Rxb6 21. Nxd6 Kxd6 22. b3 Ra8 23. Kd2 Rba6 24. a4 Rb8 25. Rhb1 Rb4 26. Ra3 d4
27. exd4 exd4 28. a5 Ra7 29. Kd3 Kd5 30. a6 Rb6 31. Rba1 Rb4 32. Ra5+ Kc6 33.
R1a3 Kb6 34. R5a4 Kb5 35. Rxb4+ Kxb4 36. Ra1 Kxb3 37. Kxd4 Kb4 38. Kd5 Kb5 39.
Rb1+ Ka5 1-0

[Event "17th Dubai Chess Open"]
[Site "Dubai UAE"]
[Date "2015.04.08"]
[Round "3.28"]
[White "El Jawich, Amro"]
[Black "Rakhmanov, Aleksandr"]
[Result "0-1"]
[WhiteTitle "FM"]
[BlackTitle "GM"]
[WhiteElo "2190"]
[BlackElo "2639"]
[WhiteFideId "5300380"]
[BlackFideId "4173708"]
[EventDate "2015.04.06"]

1. e4 c5 2. Nf3 Nf6 3. e5 Nd5 4. Nc3 Nxc3 5. dxc3 Nc6 6. Bf4 Qb6 7. b3 Qc7 8.
Bc4 e6 9. Qd2 h6 10. h4 b6 11. O-O Bb7 12. a4 Be7 13. Rfe1 O-O-O 14. Qe2 g5 15.
hxg5 hxg5 16. Bxg5 Bxg5 17. Nxg5 Rdg8 18. f4 f6 19. Nf7 Nxe5 20. fxe5 Bxg2 21.
Kf2 Rh2 22. Ke3 fxe5 23. Kd2 e4 24. Kc1 d5 25. a5 Bf3 26. Ba6+ Kd7 27. Ne5+ Qxe5
28. Qxf3 Kd6 29. Qf1 Qxc3 30. Ra2 Qd2+ 31. Kb1 Rf2 32. Qh1 Rg3 33. Bc4 Rh2 34.
Qf1 Rf2 35. Qh1 Rh2 36. Qf1 Rf3 37. Qg1 Rg2 38. Qh1 Rh2 39. Qg1 Rg2 40. Qh1 Rh2
41. Qg1 Qf2 42. Qxf2 Rfxf2 43. axb6 axb6 44. Bb5 Ke5 45. Bc6 Re2 46. Rxe2 Rxe2
47. Bb5 Re1+ 48. Kb2 e3 49. Kc3 d4+ 50. Kd3 Kf4 51. c3 e5 52. cxd4 cxd4 53. Bc6
Rc1 54. Ke2 Rxc6 0-1

[Event "17th Dubai Chess Open"]
[Site "Dubai UAE"]
[Date "2015.04.08"]
[Round "3.29"]
[White "Nadir, Samir"]
[Black "Shimanov, Aleksandr"]
[Result "0-1"]
[WhiteTitle "CM"]
[BlackTitle "GM"]
[WhiteElo "2157"]
[BlackElo "2594"]
[WhiteFideId "12200085"]
[BlackFideId "4198603"]
[EventDate "2015.04.06"]

1. c4 g6 2. Nf3 Bg7 3. Nc3 c5 4. d4 cxd4 5. Nxd4 Nc6 6. Nb3 Nf6 7. e3 O-O 8. Be2
d6 9. O-O Be6 10. c5 d5 11. Nb5 Bf5 12. N5d4 Bd7 13. Bd2 e5 14. Nxc6 bxc6 15. f3
Rb8 16. Ba6 Ne8 17. Ba5 Qe7 18. Qe2 Be6 19. Rfe1 Nc7 20. Bd3 Bc8 21. Rad1 Ne6
22. Rc1 f5 23. Ba6 Bxa6 24. Qxa6 Qd7 25. Qe2 Rb5 26. Rc2 Rfb8 27. Rd1 Qe7 28.
Rdc1 Qh4 29. Be1 Qa4 30. Na1 Qxa2 31. b4 Qa3 32. Rd1 f4 33. Rd3 Qa6 34. Ra2 Qb7
35. Rda3 Ra8 36. Nb3 fxe3 37. Qxe3 Qd7 38. Ra6 Rb7 39. Qe2 Nc7 40. R6a4 Nb5 41.
Ra6 Rc8 42. Qd3 Rbb8 43. Re2 Re8 44. Rea2 e4 45. fxe4 Rxe4 46. Bd2 Rbe8 47. h3
Re2 48. Nc1 Bd4+ 49. Kh1 Re1+ 50. Bxe1 Rxe1+ 51. Kh2 Bg1+ 0-1

[Event "17th Dubai Chess Open"]
[Site "Dubai UAE"]
[Date "2015.04.08"]
[Round "3.30"]
[White "Vocaturo, Daniele"]
[Black "Gevorgyan, Maria"]
[Result "1-0"]
[WhiteTitle "GM"]
[BlackTitle "WFM"]
[WhiteElo "2579"]
[BlackElo "2182"]
[WhiteFideId "813192"]
[BlackFideId "13300270"]
[EventDate "2015.04.06"]

1. e4 e5 2. Nf3 Nf6 3. Nxe5 d6 4. Nf3 Nxe4 5. d4 d5 6. Bd3 Nc6 7. O-O Bg4 8. c4
Nf6 9. Nc3 Be7 10. cxd5 Nxd5 11. h3 Be6 12. Re1 O-O 13. a3 Nxc3 14. bxc3 Na5 15.
Qc2 Nb3 16. Rxe6 Nxa1 17. Bxh7+ Kh8 18. Qf5 g6 19. Bxg6 fxg6 20. Qxg6 Bf6 21.
Bg5 1-0

[Event "17th Dubai Chess Open"]
[Site "Dubai UAE"]
[Date "2015.04.08"]
[Round "3.31"]
[White "Kovchan, Alexander"]
[Black "Ahmad, Al Khatib"]
[Result "1/2-1/2"]
[WhiteTitle "GM"]
[WhiteElo "2576"]
[BlackElo "2170"]
[WhiteFideId "14103052"]
[BlackFideId "8103178"]
[EventDate "2015.04.06"]

1. e4 c5 2. Nf3 g6 3. c3 Bg7 4. d4 cxd4 5. cxd4 d5 6. e5 Bg4 7. Bb5+ Nc6 8.
Bxc6+ bxc6 9. Nbd2 e6 10. O-O Ne7 11. Nb3 O-O 12. h3 Bxf3 13. Qxf3 f6 14. exf6
Bxf6 15. Qc3 Qd6 16. Qc5 Nf5 17. Qxd6 Nxd6 18. Re1 Nf5 19. Be3 Rab8 20. Bf4 Rb4
21. Rad1 Bxd4 22. Bd2 Rc4 23. Nxd4 Rxd4 24. Rxe6 Rb8 25. b3 c5 26. Ree1 Kf7 27.
Kf1 Rb6 28. Bc3 Rxd1 29. Rxd1 d4 30. Be1 Ke6 31. g4 Nd6 32. b4 Kd5 33. bxc5 Kxc5
34. f3 Nc4 35. Bf2 Rd6 36. f4 a5 37. Ke2 Re6+ 38. Kf3 Rd6 39. f5 gxf5 40. gxf5
Rd5 41. f6 Rf5+ 42. Ke2 Re5+ 43. Kf3 Rf5+ 44. Kg2 Ne3+ 45. Bxe3 dxe3 46. Rf1
Rxf1 47. Kxf1 Kd6 48. Ke2 Ke6 49. Kxe3 Kxf6 50. Kf4 a4 51. a3 h6 1/2-1/2

[Event "17th Dubai Chess Open"]
[Site "Dubai UAE"]
[Date "2015.04.08"]
[Round "3.32"]
[White "Arun Prasad, S."]
[Black "Mammadova, Narmin"]
[Result "1-0"]
[WhiteTitle "GM"]
[BlackTitle "WCM"]
[WhiteElo "2502"]
[BlackElo "2176"]
[WhiteFideId "5011167"]
[BlackFideId "13403710"]
[EventDate "2015.04.06"]

1. c4 c6 2. Nf3 d5 3. g3 Nf6 4. Bg2 g6 5. b3 Bg7 6. Bb2 Qb6 7. Qc1 O-O 8. O-O
Bg4 9. d4 Nbd7 10. Nbd2 a5 11. h3 Bxf3 12. Nxf3 Ne4 13. e3 a4 14. Qc2 a3 15. Bc3
Rfe8 16. Rac1 e5 17. cxd5 cxd5 18. Nxe5 Nxe5 19. dxe5 Nxc3 20. Qxc3 Bxe5 21. Qc5
Qxc5 22. Rxc5 d4 23. Bxb7 Ra7 24. Bc6 Ree7 25. e4 Rac7 26. Rc4 Rc8 27. f4 Bb8
28. Kf2 Ba7 29. Ke2 Rxc6 30. Rxc6 Rxe4+ 31. Kd2 Re3 32. Re1 Rxg3 33. Re8+ Kg7
34. Ra8 Rg2+ 35. Kd3 Rg3+ 36. Kc4 Rc3+ 37. Kb5 1-0

[Event "17th Dubai Chess Open"]
[Site "Dubai UAE"]
[Date "2015.04.08"]
[Round "3.33"]
[White "Das, Sayantan"]
[Black "Rajarishi, Karthi"]
[Result "1-0"]
[WhiteTitle "IM"]
[WhiteElo "2434"]
[BlackElo "2055"]
[WhiteFideId "5034426"]
[BlackFideId "5092523"]
[EventDate "2015.04.06"]

1. e4 e6 2. d4 d5 3. Nc3 Bb4 4. e5 c5 5. a3 Bxc3+ 6. bxc3 Qc7 7. Nf3 Nc6 8. h4
f6 9. Bf4 Qa5 10. Bd2 fxe5 11. Nxe5 Nxe5 12. dxe5 Qc7 13. Qh5+ Qf7 14. Bb5+ Kf8
15. Qg5 Bd7 16. Bd3 c4 17. Be2 Qf5 18. Rh3 Qxg5 19. hxg5 Ne7 20. Be3 Ng6 21.
Bc5+ Kg8 22. Re3 b6 23. Bd6 Nh4 24. Rh3 Nxg2+ 25. Kd2 Nf4 26. Rf3 Ng6 27. Rh1
Re8 28. Rfh3 Nf4 29. Rh4 Ng6 30. R4h2 Ne7 31. a4 Nf5 32. Ba3 Bxa4 33. Bh5 Rd8
34. Bg6 h6 35. Bxf5 exf5 36. e6 h5 37. Rxh5 Rxh5 38. Rxh5 d4 39. e7 Rd5 40. g6
Be8 41. Rg5 d3 42. Rg1 dxc2+ 43. Kxc2 Re5 44. Rg5 Re2+ 45. Kd1 Rxf2 46. Bd6 Rf3
47. Ke2 Rxc3 48. Rxf5 Bxg6 49. Rg5 Rc2+ 50. Kd1 Rc3 51. Rxg6 Re3 52. Rg4 Kf7 53.
Rf4+ Ke8 54. Rf8+ Kd7 55. Rd8+ Kc6 56. Ba3 1-0

[Event "17th Dubai Chess Open"]
[Site "Dubai UAE"]
[Date "2015.04.08"]
[Round "3.34"]
[White "Makropoulou, Marina"]
[Black "Abdelnabbi, Imed"]
[Result "0-1"]
[WhiteTitle "WGM"]
[BlackTitle "IM"]
[WhiteElo "2154"]
[BlackElo "2433"]
[WhiteFideId "4200187"]
[BlackFideId "10600035"]
[EventDate "2015.04.06"]

1. e4 c5 2. Nf3 Nc6 3. d4 cxd4 4. Nxd4 g6 5. Nc3 Bg7 6. Be3 Nf6 7. Nxc6 bxc6 8.
e5 Ng8 9. f4 Nh6 10. Be2 d6 11. O-O Nf5 12. Bf2 dxe5 13. Qxd8+ Kxd8 14. fxe5
Bxe5 15. Rad1+ Kc7 16. g4 Nd6 17. Bd4 Bxd4+ 18. Rxd4 f5 19. gxf5 Bxf5 20. Bd3 e5
21. Rh4 Bxd3 22. cxd3 Nf5 23. Rc4 Rad8 24. Rc5 Rhe8 25. Re1 Rxd3 26. Rcxe5 Rxe5
27. Rxe5 Rd2 28. Re8 Rxb2 29. Rh8 h5 30. Rh7+ Kb8 31. Rh8+ Kb7 32. Rg8 Nh4 33.
h3 Rc2 34. Ne4 Rxa2 35. Nd6+ Kc7 36. Nc4 Nf3+ 37. Kf1 Nd2+ 38. Nxd2 Rxd2 39.
Rxg6 a5 40. Ke1 Rd5 41. Rg3 a4 42. Ra3 Rd4 0-1

[Event "17th Dubai Chess Open"]
[Site "Dubai UAE"]
[Date "2015.04.08"]
[Round "3.35"]
[White "Mona, Khaled"]
[Black "Rathnakaran, K."]
[Result "0-1"]
[WhiteTitle "WGM"]
[BlackTitle "IM"]
[WhiteElo "2125"]
[BlackElo "2411"]
[WhiteFideId "10605908"]
[BlackFideId "5005507"]
[EventDate "2015.04.06"]

1. d4 Nf6 2. c4 c5 3. d5 e6 4. Nc3 exd5 5. cxd5 d6 6. e4 g6 7. f4 Bg7 8. Bb5+
Nfd7 9. a4 O-O 10. Nf3 Na6 11. O-O Nb4 12. Re1 a6 13. Bf1 Re8 14. Be3 Nf6 15.
Bf2 Ng4 16. Bh4 Bd4+ 17. Qxd4 cxd4 18. Bxd8 dxc3 19. bxc3 Nc2 20. Bc7 Nxa1 21.
Rxa1 Nf6 22. Bxd6 Nxe4 23. Be5 Bd7 24. Rb1 b5 25. axb5 axb5 26. Bd3 Nc5 27. Bc2
Ra2 28. Nd4 Rea8 29. Bd6 Na4 30. Bb4 Nb6 31. Bb3 Ra1 32. Rxa1 Rxa1+ 33. Kf2 Rb1
34. Kf3 h5 35. Ke4 Rb2 36. Ke5 Nc4+ 37. Bxc4 bxc4 38. Kd6 Ba4 39. Kc7 Rxg2 40.
Nc6 Rxh2 41. d6 Rd2 42. d7 Rxd7+ 43. Kxd7 h4 44. Bc5 h3 45. Bg1 Kg7 46. Kd6 Bxc6
47. Kxc6 Kf6 48. Kd5 Kf5 49. Bh2 f6 50. Kd4 Kg4 51. Ke4 Kh5 52. Kf3 Kh4 53. Bg1
g5 54. Bf2+ Kh5 55. Kg3 g4 56. Bg1 f5 57. Bh2 Kg6 58. Kf2 Kh6 59. Bg3 Kh5 60.
Ke3 h2 61. Bxh2 Kh4 62. Bg1 Kg3 63. Bf2+ Kg2 64. Be1 g3 65. Ke2 Kh2 66. Ke3 Kg2
67. Kd4 Kf3 68. Bd2 Ke2 69. Be3 Kf3 0-1

[Event "17th Dubai Chess Open"]
[Site "Dubai UAE"]
[Date "2015.04.08"]
[Round "3.36"]
[White "Beshukov, Sergei"]
[Black "Ram, Aravind L N"]
[Result "0-1"]
[WhiteTitle "GM"]
[BlackTitle "FM"]
[WhiteElo "2416"]
[BlackElo "2135"]
[WhiteFideId "4105451"]
[BlackFideId "25033760"]
[EventDate "2015.04.06"]

1. e4 c5 2. Nf3 e6 3. d4 cxd4 4. Nxd4 a6 5. c4 Nf6 6. Nc3 d6 7. Be2 Be7 8. O-O
O-O 9. Be3 Nbd7 10. Qd2 Qc7 11. Rfc1 b6 12. f3 Bb7 13. a4 Rac8 14. a5 bxa5 15.
Nb3 Qb8 16. Nxa5 Ba8 17. Rcb1 Bd8 18. b4 Bc7 19. Kh1 d5 20. exd5 exd5 21. Nxd5
Nxd5 22. cxd5 Bxh2 23. Bxa6 Rce8 24. Nc4 Ne5 25. Nb6 Ng6 26. Nxa8 Qe5 27. Bd4
Qg3 28. Qf2 Qf4 29. Qb2 Bg3 30. Kg1 Qh4 31. Nb6 Nf4 32. Bc5 Qh2+ 33. Kf1 Nh3 34.
gxh3 Qh1+ 35. Bg1 Qxf3+ 36. Bf2 Bh2 0-1

[Event "17th Dubai Chess Open"]
[Site "Dubai UAE"]
[Date "2015.04.08"]
[Round "3.37"]
[White "Siva, Mahadevan"]
[Black "Baghdasaryan, Vahe"]
[Result "0-1"]
[BlackTitle "IM"]
[WhiteElo "2097"]
[BlackElo "2400"]
[WhiteFideId "25043153"]
[BlackFideId "13303139"]
[EventDate "2015.04.06"]

1. e4 c5 2. Nf3 d6 3. d4 cxd4 4. Nxd4 Nf6 5. Nc3 a6 6. Be3 g6 7. f3 Bg7 8. Qd2
O-O 9. g4 b5 10. h4 b4 11. Na4 Bd7 12. b3 Nc6 13. h5 Nxd4 14. Bxd4 Bxa4 15. bxa4
Qc7 16. Bd3 e5 17. Bb2 d5 18. g5 Nxh5 19. exd5 e4 20. Bxg7 exd3 21. Bxf8 Qg3+
22. Kf1 Qxf3+ 23. Kg1 Nf4 24. Rh2 Re8 25. Rf1 Qg3+ 26. Rg2 Nxg2 27. Qxg2 Qxg2+
28. Kxg2 Kxf8 29. cxd3 Re5 30. Kf3 Rf5+ 31. Ke2 Rxg5 32. Rf4 a5 33. Rd4 Ke7 34.
d6+ Kd7 35. Kf3 Re5 36. Rf4 Rf5 37. Rxf5 gxf5 38. Kf4 Kxd6 39. Kxf5 Kd5 0-1

[Event "17th Dubai Chess Open"]
[Site "Dubai UAE"]
[Date "2015.04.08"]
[Round "3.38"]
[White "Videnova, Iva"]
[Black "Mohammed, Tarig Elther"]
[Result "1-0"]
[WhiteTitle "IM"]
[WhiteElo "2398"]
[BlackElo "2094"]
[WhiteFideId "2907763"]
[BlackFideId "12200964"]
[EventDate "2015.04.06"]

1. e4 d5 2. exd5 Qxd5 3. Nc3 Qd6 4. d4 c6 5. Nf3 Nf6 6. Ne5 Nbd7 7. Nc4 Qc7 8.
Qf3 Nb6 9. Ne5 Be6 10. Bf4 Qd8 11. Rd1 Nbd5 12. Nxd5 Bxd5 13. Qc3 Ne4 14. Qd3
Qa5+ 15. c3 f6 16. Nf3 g5 17. Bc1 g4 18. Nh4 Nd6 19. Nf5 Bxa2 20. Nxd6+ exd6 21.
Qe2+ Kd7 22. Qxg4+ f5 23. Qh5 Re8+ 24. Be3 Bb3 25. Rc1 Bg7 26. Bd3 Ref8 27. O-O
Be6 28. Ra1 Qc7 29. Bf4 Qb6 30. Rfe1 Rf6 31. Re2 h6 32. Rae1 Rhf8 33. Rxe6 Rxe6
34. Bxf5 Kc7 35. Bxe6 Rxf4 36. b4 Qb5 37. Qe8 Qg5 38. Qd7+ Kb6 39. Qxd6 Bf8 40.
Qe5 Qxe5 41. dxe5 c5 42. Re3 cxb4 43. g3 Bc5 44. gxf4 Bxe3 45. fxe3 bxc3 46. Bb3
Kc7 47. Kf2 b5 48. Ke2 1-0

[Event "17th Dubai Chess Open"]
[Site "Dubai UAE"]
[Date "2015.04.08"]
[Round "3.39"]
[White "Alattar, Rakan"]
[Black "Tissir, Mohamed"]
[Result "0-1"]
[WhiteTitle "CM"]
[BlackTitle "IM"]
[WhiteElo "2088"]
[BlackElo "2359"]
[WhiteFideId "8101248"]
[BlackFideId "9000240"]
[EventDate "2015.04.06"]

1. d4 d6 2. Nc3 c6 3. e4 Nf6 4. f4 Qa5 5. Bd3 e5 6. Nf3 Bg4 7. Be3 Nbd7 8. O-O
Be7 9. Qe1 Bxf3 10. Rxf3 Qc7 11. Qg3 Nh5 12. Qf2 Nxf4 13. Bf1 exd4 14. Bxd4 Ne6
15. Bc4 Nxd4 16. Bxf7+ Kd8 17. Qxd4 Ne5 18. Rff1 Bf6 19. Rxf6 gxf6 20. Be6 Qb6
21. Qxb6+ axb6 22. a3 b5 23. Ne2 Nc4 24. Rb1 Re8 25. Bf5 Re7 26. Rd1 Kc7 27. Rd3
d5 28. Rc3 dxe4 29. Nf4 Kb6 30. Kf2 Nxb2 31. Rh3 Rd8 32. Rh6 Rd2+ 33. Ke1 Rxc2
34. Rxf6 Ka5 35. Ne6 Rd7 36. Bg4 Rdd2 37. Nf4 e3 0-1

[Event "17th Dubai Chess Open"]
[Site "Dubai UAE"]
[Date "2015.04.08"]
[Round "3.40"]
[White "Kharous, Ernest"]
[Black "Mokal, Amruta Sunil"]
[Result "1/2-1/2"]
[WhiteTitle "IM"]
[WhiteElo "2346"]
[BlackElo "2075"]
[WhiteFideId "4185730"]
[BlackFideId "5016371"]
[EventDate "2015.04.06"]

1. f4 d5 2. g3 c5 3. Bg2 g6 4. Nf3 Bg7 5. d3 Nf6 6. O-O O-O 7. c3 Nc6 8. Qe1 d4
9. Na3 Be6 10. Nc2 Rc8 11. c4 Qd7 12. b4 b5 13. cxb5 Nxb4 14. Nxb4 cxb4 15. Qxb4
Nd5 16. Qa5 Nc3 17. Re1 Nxb5 18. a4 Nc3 19. Ba3 Bb3 20. Ne5 Bxe5 21. Qxe5 Bxa4
22. Qxe7 Rfe8 23. Qxd7 Bxd7 24. Kf2 Bg4 25. Bf1 Nb5 26. Bb4 Rc2 27. Ra5 Bd7 28.
Bg2 Re3 29. Bf3 Rb2 30. Bc5 Rxd3 31. Bxa7 Nxa7 32. Rxa7 Be6 33. g4 Rdd2 34. Kg3
d3 35. e4 Rxh2 36. f5 Bb3 37. f6 h5 38. gxh5 gxh5 39. e5 Be6 40. Ra8+ Kh7 41.
Be4+ Kh6 42. Rh8+ Kg5 43. Rg8+ Kh6 44. Rh8+ Kg5 1/2-1/2